Atlas of the planets / (Record no. 8288)

MARC details
000 -LEADER
campo de control de longitud fija 00585nam a2200205 i 4500
001 - NÚMERO DE CONTROL
campo de control 8288
003 - IDENTIFICADOR DE NÚMERO DE CONTROL
campo de control ES-MaACL
005 - FECHA Y HORA DE LA ÚLTIMA TRANSACCIÓN
campo de control 20230906145426.0
007 - CAMPO FIJO DE DESCRIPCIÓN FÍSICA--INFORMACIÓN GENERAL
campo de control de longitud fija t|
008 - DATOS DE LONGITUD FIJA--INFORMACIÓN GENERAL
campo de control de longitud fija 920429s1980 xxk ||||1| eng d
020 ## - NÚMERO INTERNACIONAL ESTÁNDAR DEL LIBRO
Número Internacional Estándar del Libro 0-600-30439-6
080 ## - NÚMERO DE LA CLASIFICACIÓN DECIMAL UNIVERSAL
Número de la Clasificación Decimal Universal 523.4
100 1# - ENTRADA PRINCIPAL--NOMBRE DE PERSONA
Nombre de persona Doherty, Paul.
9 (RLIN) 45000
245 10 - MENCIÓN DEL TÍTULO
Título Atlas of the planets /
Mención de responsabilidad, etc. Paul Doherty ; introduced by Patrick Moore.
260 ## - PUBLICACIÓN, DISTRIBUCIÓN, ETC.
Lugar de publicación, distribución, etc. London [etc.] :
Nombre del editor, distribuidor, etc. Hamlyn,
Fecha de publicación, distribución, etc. cop. 1980.
300 ## - DESCRIPCIÓN FÍSICA
Extensión 129 p. :
Otras características físicas il. ;
Dimensiones 30 cm.
650 14 - PUNTO DE ACCESO ADICIONAL DE MATERIA--TÉRMINO DE MATERIA
Término de materia o nombre geográfico como elemento de entrada Planetas-
Subdivisión general Atlas.
9 (RLIN) 16108
700 1# - ENTRADA AGREGADA--NOMBRE PERSONAL
Nombre de persona Moore, Patrick.
9 (RLIN) 82823
852 ## - LOCALIZACIÓN
Ubicación ES-MaACL
Número de control de estantería L-15652
Sublocalización o colección R.119352
Holdings
Estatus retirado Estado de pérdida Estado de daño No para préstamo Biblioteca de origen Biblioteca actual Ubicación en estantería Fecha de adquisición Fuente de adquisición Total de préstamos Signatura topográfica completa Código de barras Visto por última vez Precio de reemplazo Tipo de ítem Koha
        Biblioteca del Ateneo de Madrid Biblioteca del Ateneo de Madrid Depósito 2 17/01/2008     L-15652 1008459 23/02/2023 23/02/2023 Libro impreso